Taínos / (Registro nro. 11851)

Detalles MARC
000 -LIDER
fixed length control field 01145cam a2200373 i 4500
001 - NÚMERO DE CONTROL
Identificador de número de control 000660
003 - IDENTIFICACDOR DE NÚMERO DE CONTROL
control field DO-SdBNP
005 - DATE AND TIME OF LATEST TRANSACTION
control field 20180208131504.0
007 - CAMPOS FIJOS DE DESCRIPCIÓN FÍSICA
fixed length control field 000660
008 - ELEMENTOS DE LONGITUD FIJA
fixed length control field 161108b 1996 sp a ||||| |||| 00| 0 spa d
015 ## - NÚMERO DENTRO DE LA BIBLIOGRAFÍA NACIONAL
National bibliography number
017 ## - NÚMERO DE REGISTRO DE DERECHOS DE AUTOR
Copyright or legal deposit number
Assigning agency
020 ## - ISBN
International Standard Book Number 8420447579
035 ## - NÚMERO LOCAL
System control number
040 ## - FUENTE DE CATALOGACIÓN
Agencia que crea de manera original el registro BPMSU
Idioma de catalogación spa
Agencia que realiza la transcripción BPMSU
Convenciones de la despripción
080 ## - NÚMERO DE CLASIFICACIÓN DECIMAL UNIVERSAL
Universal Decimal Classification number
100 1# - ASIENTO PRINCIPAL -- NOMBRE PERSONAL
Nombre personal Dorris, Michael
240 1# - TITULO UNIFORME
Título uniforme Morning girl.
Idioma de una obra Español
245 10 - MENCIÓN DE TITULO
Título Taínos /
Mención de responsabilidad Michael Dorris ; traducción de Miguel Martínez-Lage ; ilustraciones de Viví Escrivá.
Medio (Designación general de material)
250 ## - MENCIÓN DE EDICION
Mención de edición 1ª reimp.
260 ## - PUBLICACIÓN, DISTRIBUCIÓN, ETC. (PIE DE IMPRENTA)
Lugar de publicación, distribución, etc Madrid :
Nombre del editor, distribuidor, etc. Alfaguara,
Fecha de publicación, distribución, etc 1996.
300 ## - DESCRIPCIÓN FÍSICA
Extensión 110 p. :
Otros detalles físicos il. ;
Dimensiones 20 cm.
490 1# - MENCIÓN DE SERIES
Mención de serie Alfaguara infantil
500 ## - NOTA GENERAL
Nota general Para niños a partir de los 10 años.<br/> <br/>
500 ## - NOTA GENERAL
Nota general Primera reimpresión: julio 1996
500 ## - NOTA GENERAL
Nota general Incluye datos del autor en la solapa de la contracubierta.
521 ## - TARGET AUDIENCE NOTE
Target audience note A partir de los 10 años.
700 12 - ASIENTO SECUNDARIO -- NOMBRE PERSONAL
Nombre personal Martínez-Lage, Miguel,
Mención de responsabilidad tr.
700 12 - ASIENTO SECUNDARIO -- NOMBRE PERSONAL
Nombre personal Escrivá, Viví,
Mención de responsabilidad il.
830 #0 - ASIENTO SECUNDARIO DE SERIE--TÍTULO UNIFORME
Título uniforme Alfaguara infantil
942 ## - ADDED ENTRY ELEMENTS (KOHA)
Source of classification or shelving scheme Dewey Decimal Classification
Koha item type Libros
945 ## - INFORMACIÓN DE PROCESAMIENTO LOCAL
Información de procesamiento local Inventariado, 2018/MFF
956 ## - LOCAL ELECTRONIC LOCATION AND ACCESS (OCLC)
Nombre de host LOPEREZ
Campo enlazado y núm. de secuencia 10
Información de compresión BPMSU
Método de acceso 20161108
Materiales especificados 00041
Existencias
Withdrawn status Lost status Source of classification or shelving scheme Damaged status Not for loan Collection code Home library Current library Date acquired Source of acquisition Total Checkouts Barcode Date last seen Price effective from Koha item type Copy number
    Dewey Decimal Classification     Colección Infantil General Biblioteca Pública Metropolitana Salomé Ureña Biblioteca Pública Metropolitana Salomé Ureña 11/08/2016 Donación   BPMSU16111108 11/08/2016 11/08/2016 Libros  
    Dewey Decimal Classification     Colección Infantil General Biblioteca Pública Metropolitana Salomé Ureña Biblioteca Pública Metropolitana Salomé Ureña 02/08/2018 Donación   BPMSU18020104 02/08/2018 02/08/2018 Libros e.2